[Event "II Memorial Oliver Gonzalez"]
[Site "Madrid"]
[Date "2011.10.08"]
[Round "1.40"]
[White "Folgar Lopez, Angel"]
[Black "Spitzer Isbert, Ramon"]
[Result "0-1"]
[WhiteElo "1615"]
[BlackElo "2099"]
[PlyCount "152"]
[EventDate "2011.10.08"]

1. d4 Nf6 2. Nf3 d6 3. e3 Bg4 4. Nbd2 Nbd7 5. Bd3 e5 6. O-O Be7 7. Re1 O-O 8.
c3 Re8 9. Qb3 Bf8 10. Bc4 Bh5 11. Be2 Qc8 12. Nf1 a5 13. a4 Bg6 14. Ng3 c6 15.
Nh4 Qc7 16. Nxg6 hxg6 17. Bd3 e4 18. Bf1 d5 19. Bd2 Bd6 20. c4 Re6 21. Rac1
Rae8 22. cxd5 Nxd5 23. Bc4 N7f6 24. Rc2 R6e7 25. Rec1 Qd8 26. Bxd5 Nxd5 27. Ne2
Rd7 28. g3 g5 29. Nc3 Nb4 30. Rb1 Nxc2 31. Qxc2 Qe7 32. Na2 Ra8 33. Nc1 Bb4 34.
Bxb4 Qxb4 35. Nb3 Re8 36. Nc5 Rde7 37. Qb3 Qd2 38. Qc4 Rd8 39. Nb3 Qb4 40. Qxb4
axb4 41. Nc5 Rd5 42. Rc1 Rd8 43. Rc4 Ra8 44. Rxb4 Ra7 45. Rc4 f5 46. Nb3 g6 47.
a5 Ra8 48. Rc1 Kg7 49. Ra1 Kf6 50. Nd2 Rh7 51. Nc4 Rah8 52. Kf1 Rxh2 53. Ke2
Rh1 54. Ra2 Rc1 55. b3 Rb1 56. Ra3 Rhh1 57. Kd2 Ke6 58. Kc3 Rhc1+ 59. Kb4 Kd5
60. Nb6+ Kd6 61. Nc4+ Kc7 62. Ne5 Rb2 63. Nxg6 Rxf2 64. Ne5 Rg2 65. Nc4 Rxg3
66. Ra2 Rxc4+ 67. Kxc4 Rxe3 68. Rd2 Re1 69. d5 e3 70. d6+ Kd7 71. Rd3 f4 72.
Kc5 Rc1+ 73. Kb6 e2 74. Kxb7 e1=Q 75. a6 Qb4+ 76. Ka8 Re1 0-1

[Event "II Memorial Oliver Gonzalez"]
[Site "Madrid"]
[Date "2011.10.08"]
[Round "1.42"]
[White "Sierra Soria, Maria"]
[Black "Davicce Cañada, Juan Antonio"]
[Result "0-1"]
[WhiteElo "1782"]
[BlackElo "2088"]
[PlyCount "34"]
[EventDate "2011.10.08"]

1. e4 c6 2. d4 d5 3. e5 Bf5 4. Nf3 e6 5. Be2 c5 6. O-O Nc6 7. Nc3 Bg4 8. Be3
Nge7 9. Nb5 Nf5 10. c3 Bxf3 11. Bxf3 Qb6 12. Qa4 a6 13. c4 dxc4 14. Na3 cxd4
15. Bd2 Bxa3 16. Qxa3 Nxe5 17. Rfe1 Nxf3+ 0-1

[Event "II Memorial Oliver Gonzalez"]
[Site "Madrid"]
[Date "2011.10.08"]
[Round "1.45"]
[White "Suarez Triguero, Jose Alfonso"]
[Black "Rodriguez Gomez, Jose"]
[Result "1-0"]
[WhiteElo "2079"]
[BlackElo "1754"]
[PlyCount "23"]
[EventDate "2011.10.08"]

1. e4 e5 2. Bc4 Nf6 3. d4 Nc6 4. Nf3 exd4 5. O-O d5 6. exd5 Nxd5 7. Ng5 f6 8.
Re1+ Be7 9. Nf7 Kxf7 10. Qh5+ g6 11. Bxd5+ Kg7 12. Qh6# 1-0

[Event "II Memorial Oliver Gonzalez"]
[Site "Madrid"]
[Date "2011.10.08"]
[Round "1.47"]
[White "Pradas Ojeda, Santiago"]
[Black "Cabañas Bravo, Juan Andres"]
[Result "0-1"]
[WhiteElo "1585"]
[BlackElo "2065"]
[PlyCount "120"]
[EventDate "2011.10.08"]

1. e4 e5 2. Nf3 Nc6 3. Bb5 Qf6 4. O-O Bc5 5. c3 Nge7 6. d3 h6 7. Nbd2 Ng6 8.
Bxc6 bxc6 9. d4 exd4 10. e5 Qe7 11. cxd4 Bb6 12. Nc4 O-O 13. a4 Qb4 14. b3 Bxd4
15. Nxd4 Re8 16. Re1 Nh4 17. Ba3 Qb7 18. Rb1 d6 19. exd6 Rxe1+ 20. Qxe1 c5 21.
Qe8+ Kh7 22. Qc6 cxd4 23. Qxb7 Bxb7 24. dxc7 Bxg2 25. Be7 Be4 26. Rc1 Nf3+ 27.
Kf1 d3 28. Nd6 d2 29. Ra1 Bd3+ 30. Kg2 Ne1+ 31. Kg3 Be2 32. c8=Q Rxc8 33. Nxc8
d1=Q 34. Rxd1 Bxd1 35. Nxa7 Bxb3 36. a5 Bc4 37. Nc8 Ba6 38. Nd6 Kg8 39. Ne4 Nd3
40. Nc3 Bb7 41. Nb5 g5 42. Nc7 f5 43. a6 f4+ 44. Kg4 Nxf2+ 45. Kf5 Bc8+ 46. Ke5
Ng4+ 47. Ke4 Nxh2 48. Bc5 Kf7 49. a7 Bb7+ 50. Kd3 Kf6 51. a8=Q Bxa8 52. Nxa8
Kf5 53. Ke2 Ke4 54. Bg1 Nf3 55. Bf2 h5 56. Kf1 h4 57. Kg2 g4 58. Nc7 h3+ 59.
Kf1 g3 60. Bg1 Nd2+ 0-1

[Event "II Memorial Oliver Gonzalez"]
[Site "Madrid"]
[Date "2011.10.08"]
[Round "1.48"]
[White "Madurga Lopez, Ignacio"]
[Black "Padin Lazaro, Jose Manuel"]
[Result "1-0"]
[WhiteElo "2057"]
[BlackElo "1737"]
[PlyCount "63"]
[EventDate "2011.10.08"]

1. e4 e6 2. d4 d5 3. e5 c5 4. c3 Nc6 5. Nf3 Qb6 6. a3 Nh6 7. b4 cxd4 8. cxd4
Nf5 9. Bb2 Be7 10. Nc3 Nfxd4 11. Nxd4 Qxd4 12. Qxd4 Nxd4 13. Nxd5 Nc2+ 14. Kd1
exd5 15. Kxc2 Bf5+ 16. Kb3 O-O 17. Rc1 Rac8 18. Be2 Bg5 19. Rxc8 Rxc8 20. h4
Bd2 21. g4 Be6 22. Bd4 Bf4 23. f3 b6 24. Bd3 g6 25. a4 h6 26. Ra1 Rc1 27. Rxc1
Bxc1 28. a5 bxa5 29. bxa5 Be3 30. Kc3 Bf4 31. a6 Bc8 32. Kb4 1-0

[Event "II Memorial Oliver Gonzalez"]
[Site "Madrid"]
[Date "2011.10.08"]
[Round "1.49"]
[White "Sierra Bermejo, Gregorio"]
[Black "Garcia Dorado, Alberto"]
[Result "0-1"]
[WhiteElo "1691"]
[BlackElo "2048"]
[PlyCount "76"]
[EventDate "2011.10.08"]

1. e4 e5 2. Nf3 Nc6 3. Bb5 a6 4. Ba4 Nf6 5. O-O Be7 6. Re1 b5 7. Bb3 O-O 8. d3
d5 9. exd5 Nxd5 10. Nxe5 Nxe5 11. Rxe5 c6 12. Bxd5 cxd5 13. Qf3 Be6 14. Nc3 Bd6
15. Re1 b4 16. Ne2 Qc7 17. c3 Bxh2+ 18. Kf1 Bd6 19. Bf4 bxc3 20. bxc3 Rac8 21.
Bxd6 Qxd6 22. Rec1 Qh2 23. Rab1 Qh4 24. Rb4 Qh1+ 25. Ng1 Qh6 26. Qe3 Qf6 27.
Ne2 Rfe8 28. Qd4 Qg5 29. Qf4 Qg6 30. Qg3 Qf6 31. Nd4 Qh6 32. Ne2 Bf5 33. Rh4
Qd2 34. Re1 Rxe2 35. Rxe2 Qd1+ 36. Re1 Bxd3+ 37. Kg1 Qxe1+ 38. Kh2 Bg6 {
(... 50)} 0-1

[Event "II Memorial Oliver Gonzalez"]
[Site "Madrid"]
[Date "2011.10.08"]
[Round "1.51"]
[White "Ruiz Bazaga, Miriam"]
[Black "Alvarez Abejon, Amilcar"]
[Result "0-1"]
[WhiteElo "1624"]
[BlackElo "2038"]
[PlyCount "138"]
[EventDate "2011.10.08"]

1. e4 c6 2. Nf3 d5 3. exd5 cxd5 4. d4 Qc7 5. Nc3 Nf6 6. Bg5 Ne4 7. Bd2 Nxc3 8.
Bxc3 Bg4 9. Be2 Nc6 10. Ne5 Bxe2 11. Qxe2 e6 12. O-O Bd6 13. Rad1 Bxe5 14. dxe5
O-O 15. Rfe1 Rfd8 16. Rd3 d4 17. Bd2 Rd5 18. f4 Ne7 19. Bc1 Rc8 20. Qe4 Qxc2
21. Rxd4 Qxe4 22. Rdxe4 Nf5 23. Rb4 b5 24. Rb3 Nd4 25. Rc3 Rxc3 26. bxc3 Nc2
27. Rf1 Rd3 28. Rf3 Rxf3 29. gxf3 Ne1 30. Be3 a6 31. Kf2 Nd3+ 32. Ke2 Nb2 33.
Bc1 Na4 34. Kd3 Kf8 35. Kc2 Ke7 36. Be3 Kd7 37. Kb3 Kc6 38. Kb4 Nb2 39. Bd2 {
(=)} Nc4 40. Bc1 a5+ 41. Kb3 Nb6 42. Be3 a4+ 43. Kc2 Nd5 44. Bd2 Ne7 45. Kd3
Kd5 46. Bc1 Nf5 47. Ba3 Nh4 48. Ke2 Kc4 49. Bb4 Ng2 50. Kd2 Nxf4 51. Bf8 g6 52.
Bb4 Nd5 53. Ba5 b4 54. cxb4 Nxb4 55. a3 Nc6 56. Bc3 Kd5 57. f4 Ke4 58. Bb2 Kxf4
59. Kd3 Nxe5+ 60. Bxe5+ Kxe5 61. Kc4 f5 62. Kb4 f4 63. Kxa4 f3 64. Kb5 f2 65.
a4 f1=Q+ 66. Kb6 Qf2+ 67. Kb5 Kd5 68. a5 Qb2+ 69. Ka6 Kc6 0-1

[Event "II Memorial Oliver Gonzalez"]
[Site "Madrid"]
[Date "2011.10.08"]
[Round "1.52"]
[White "Gadeo Colomina, Francisco"]
[Black "Morona Minguez, Miguel"]
[Result "1-0"]
[WhiteElo "2036"]
[BlackElo "1549"]
[PlyCount "49"]
[EventDate "2011.10.08"]

1. d4 d5 2. c4 e6 3. Nc3 Nf6 4. cxd5 Nxd5 5. e4 Nxc3 6. bxc3 c6 7. Nf3 Be7 8.
Bd3 O-O 9. O-O Re8 10. Qe2 Nd7 11. Bd2 Nf8 12. Ne5 Bd6 13. Nc4 Bc7 14. f4 Ng6
15. e5 Bd7 16. Rf3 Nh4 17. Rh3 g6 18. g4 h6 19. Qe1 g5 20. Qe4 Ng6 21. fxg5
hxg5 22. Rh5 b5 23. Bxg5 Qc8 24. Bf6 Bd8 25. Rh8+ 1-0

[Event "II Memorial Oliver Gonzalez"]
[Site "Madrid"]
[Date "2011.10.08"]
[Round "1.54"]
[White "Ronka, Erik"]
[Black "Veiga Rodriguez, Pablo"]
[Result "1-0"]
[WhiteElo "2029"]
[BlackElo "1578"]
[PlyCount "55"]
[EventDate "2011.10.08"]

1. d4 Nf6 2. c4 d5 3. cxd5 Nxd5 4. Nf3 e6 5. e4 Bb4+ 6. Bd2 Bxd2+ 7. Qxd2 Nb6
8. Nc3 O-O 9. Bd3 c6 10. O-O a5 11. e5 N8d7 12. Ng5 h6 13. Nge4 Nd5 14. f4 f5
15. Nd6 b6 16. Rac1 Nxc3 17. Qxc3 c5 18. Qb3 Qe7 {(=)} 19. Nxf5 Rxf5 20. Bxf5
cxd4 21. Qxe6+ Qxe6 22. Bxe6+ Kf8 23. Rc7 Ke8 24. Rfc1 d3 25. Rxc8+ Rxc8 26.
Rxc8+ Ke7 27. Bxd7 Kxd7 28. Rc3 1-0

[Event "II Memorial Oliver Gonzalez"]
[Site "Madrid"]
[Date "2011.10.08"]
[Round "1.56"]
[White "Garcia-Sanchez Navarro, Mariano"]
[Black "Sanchez Millan, Eduardo"]
[Result "0-1"]
[WhiteElo "1573"]
[BlackElo "2017"]
[PlyCount "54"]
[EventDate "2011.10.08"]

1. b4 g6 2. b5 Bg7 3. c3 a6 4. Na3 Nf6 5. Qc2 O-O 6. Rb1 d5 7. e3 Ne4 8. f3 Nc5
9. d4 Bf5 10. Qd2 Bxb1 11. dxc5 Bf5 12. Ne2 e5 13. Ng3 Be6 14. c4 dxc4 15. Qc2
axb5 16. Nxb5 Nc6 17. Bxc4 Nb4 18. Qb3 Bxc4 19. Qxc4 Nd3+ 20. Ke2 e4 21. Nxe4
Ne5 22. Qb3 Rxa2+ 23. Nd2 Re8 24. Nxc7 Rxd2+ 25. Bxd2 Qxc7 26. Rc1 Nc6 27. g3
Nd4+ 0-1

[Event "II Memorial Oliver Gonzalez"]
[Site "Madrid"]
[Date "2011.10.08"]
[Round "1.60"]
[White "Zhynguel Ramirez De Verger, Ale"]
[Black "Grebstad, Kjell Borre"]
[Result "0-1"]
[WhiteElo "1516"]
[BlackElo "1986"]
[PlyCount "166"]
[EventDate "2011.10.08"]

1. d4 d5 2. Bf4 Nf6 3. Nf3 Bf5 4. e3 e6 5. Ne5 h6 6. c4 c6 7. Nc3 Qb6 8. Qb3
Qxb3 9. axb3 Bc2 10. cxd5 exd5 11. Nd3 Na6 12. Na4 Bxb3 13. Nac5 Nxc5 14. Nxc5
Bxc5 15. dxc5 a5 16. Bd3 O-O 17. O-O Rfe8 18. Rfc1 Ne4 19. f3 Nf6 20. Kf2 a4
21. Bc2 Bxc2 22. Rxc2 Nd7 23. Ra3 f5 24. b4 b5 25. cxb6 Nxb6 26. Rxc6 Nc4 27.
Ra1 a3 28. h4 Ra4 29. b5 Rb4 30. Rc5 Ra8 31. Rxd5 a2 32. Rdd1 Rxb5 33. Rdc1
Rb2+ 34. Kg3 Ra4 35. Kh3 Re2 36. Kg3 Kf7 37. Rc3 Ke6 38. Kh3 Rb2 39. Rcc1 Kd5
40. Re1 Rc2 41. e4+ fxe4 42. fxe4+ Ke6 43. g3 h5 44. Red1 Rb4 45. Rd8 Rb1 46.
Rd1 Rxd1 47. Rxd1 Na5 48. Rd6+ Ke7 49. Rd1 Nb3 50. Be5 g6 51. Ba1 Rc1 52. Rxc1
Nxc1 53. g4 Nb3 54. Bc3 a1=Q 55. Bxa1 Nxa1 56. gxh5 gxh5 57. Kg3 Kf6 58. Kf4
Nb3 59. e5+ Kg6 60. e6 Nd4 61. e7 Ne6+ 62. Ke5 Ng7 63. Kf4 Kf6 64. Ke4 Kxe7 65.
Ke5 Kf7 66. Ke4 Kf6 67. Kf4 Ne6+ 68. Kg3 Kf5 69. Kf3 Nf8 70. Kg3 Ke4 71. Kg2
Kf4 72. Kh3 Ng6 73. Kg2 Kg4 74. Kh2 Kxh4 75. Kg2 Kg4 76. Kh2 Nf4 77. Kg1 Kg3
78. Kh1 h4 79. Kg1 Ng6 80. Kh1 Ne5 81. Kg1 Nd3 82. Kh1 h3 83. Kg1 h2+ 0-1

[Event "II Memorial Oliver Gonzalez"]
[Site "Madrid"]
[Date "2011.10.08"]
[Round "1.61"]
[White "Cuadrado Lopez, Francisco Javie"]
[Black "Martin Rodriguez, Jose L"]
[Result "1-0"]
[WhiteElo "1967"]
[BlackElo "1483"]
[PlyCount "75"]
[EventDate "2011.10.08"]

1. e4 e6 2. d4 d5 3. Nc3 Nf6 4. Bg5 Be7 5. e5 Nfd7 6. Bxe7 Qxe7 7. Nf3 c5 8.
Nb5 Qd8 9. Nd6+ Kf8 10. Qd2 cxd4 11. Qxd4 Nc6 12. Qf4 f6 13. exf6 Qxf6 14.
Qxf6+ gxf6 15. Bb5 a6 16. Bxc6 bxc6 17. O-O-O a5 18. Nd4 Ke7 19. Nxc8+ Rhxc8
20. Rhe1 e5 21. Rd3 Ra6 22. Rh3 Rh8 23. Rg3 Kf7 24. Nf5 c5 25. Rg7+ Ke6 26. g4
d4 27. Re7+ Kd5 28. Rxd7+ Ke6 29. Rc7 Rg8 30. h3 Raa8 31. Rc6+ Kd7 32. Rxf6 c4
33. Rxe5 h5 34. Re7+ Kd8 35. Rd6+ Kc8 36. Rdd7 Kb8 37. Rb7+ Kc8 38. Nd6+ 1-0

[Event "II Memorial Oliver Gonzalez"]
[Site "Madrid"]
[Date "2011.10.08"]
[Round "1.62"]
[White "Ojosnegros Martin, Angel"]
[Black "Garcia Esteban, Juan Ignacio"]
[Result "0-1"]
[WhiteElo "1417"]
[BlackElo "1965"]
[PlyCount "86"]
[EventDate "2011.10.08"]

1. e4 c5 2. Nf3 Nc6 3. d4 cxd4 4. Nxd4 d6 5. Be3 Nf6 6. Nc3 g6 7. f3 Bg7 8. Bc4
O-O 9. Qd2 Na5 10. Bb3 Nxb3 11. axb3 a6 12. Bh6 Bd7 13. Bxg7 Kxg7 14. O-O Rc8
15. Kh1 Rc5 16. Rfd1 Qc8 17. g4 h6 18. Nd5 Nxd5 19. exd5 Rxd5 20. Nf5+ Rxf5 21.
gxf5 Bxf5 22. c3 Qc6 23. Qg2 Rc8 24. c4 Qb6 25. Rd5 e6 26. Rd2 Qxb3 27. Rxd6
Rxc4 28. Rd2 e5 29. Qg3 Rc5 30. Qf2 Qb5 31. Kg2 Qc6 32. Qe3 Rb5 33. Kf2 Qf6 34.
Ra4 Qe6 35. Rh4 g5 36. Ra4 Rb3 37. Qc5 Rb5 38. Qc3 Bg6 39. f4 Qf5 40. Re2 gxf4
41. Rxe5 Rxe5 42. Ra5 b5 43. Rxa6 Qe4 0-1

[Event "II Memorial Oliver Gonzalez"]
[Site "Madrid"]
[Date "2011.10.08"]
[Round "1.73"]
[White "Bolea Olivan, Jose Angel"]
[Black "Suarez Uriel, Adrian"]
[Result "0-1"]
[WhiteElo "1870"]
[BlackElo "2197"]
[PlyCount "56"]
[EventDate "2011.10.08"]

1. d4 Nf6 2. c4 g6 3. Nf3 Bg7 4. g3 d5 5. cxd5 Nxd5 6. Bg2 Nc6 7. O-O Nb6 8. e3
O-O 9. Nc3 e5 10. d5 Na5 11. e4 h6 12. Be3 Nbc4 13. Qe2 Nxe3 14. Qxe3 Nc4 15.
Qe2 Nd6 16. Nb5 f5 17. Rac1 Rf7 18. Nd2 Ne8 19. Rfd1 a6 20. Nc3 f4 21. gxf4
Rxf4 22. Nf3 Bg4 23. Qe3 Qf6 24. Rd3 Bxf3 25. Bxf3 Rxf3 26. Qxf3 Qg5+ 27. Qg3
Qxc1+ 28. Kg2 Qg5 0-1

[Event "II Memorial Oliver Gonzalez"]
[Site "Madrid"]
[Date "2011.10.09"]
[Round "2.3"]
[White "Moreno Trujillo, Alejandro"]
[Black "Lopez De Turiso Sanchez, Jose A"]
[Result "1-0"]
[WhiteElo "2473"]
[BlackElo "2084"]
[PlyCount "69"]
[EventDate "2011.10.08"]

1. Nf3 f5 2. c4 Nf6 3. g3 d6 4. d4 g6 5. Bg2 Bg7 6. O-O O-O 7. Nc3 Nc6 8. d5
Ne5 9. Nxe5 dxe5 10. c5 h6 11. Qb3 Kh7 12. Rd1 a6 13. Bd2 Qe8 14. Qa4 Qxa4 15.
Nxa4 e4 16. Bf4 Bd7 17. Nc3 Ne8 18. h4 Bf6 19. Be3 Rd8 20. f3 exf3 21. exf3 c6
22. f4 Bxc3 23. dxc6 bxc6 24. bxc3 Nf6 25. Rab1 Rb8 26. Rb6 Nd5 27. Bxd5 cxd5
28. Rxd5 Bb5 29. Re5 Rfe8 30. Bd4 Rbc8 31. Ree6 Bc4 32. Rxg6 e6 33. Rg7+ Kh8
34. Rg5+ e5 35. Rxh6# 1-0

[Event "II Memorial Oliver Gonzalez"]
[Site "Madrid"]
[Date "2011.10.09"]
[Round "2.4"]
[White "Dominguez Carmona, Miguel"]
[Black "Almagro Llamas, Pablo"]
[Result "0-1"]
[WhiteElo "2087"]
[BlackElo "2466"]
[PlyCount "86"]
[EventDate "2011.10.08"]

1. d4 Nf6 2. c4 e6 3. Nf3 b6 4. Bf4 Bb7 5. e3 Be7 6. h3 c5 7. Nc3 cxd4 8. exd4
O-O 9. Bd3 d5 10. O-O Nc6 11. Re1 Nb4 12. cxd5 Nxd3 13. Qxd3 Nxd5 14. Nxd5 Qxd5
15. a3 Rac8 16. Rac1 f6 17. Qe2 Kf7 18. h4 Qf5 19. Bg3 Rfe8 20. Rxc8 Rxc8 21.
d5 Qxd5 22. Rd1 Qc6 23. Bf4 Rd8 24. Rc1 Qd5 25. Rc7 Rd7 26. Qc2 Rxc7 27. Bxc7
Qc6 28. Qxc6 Bxc6 29. Nd4 Bd7 30. b4 e5 31. Ne2 Ke6 32. Nc3 f5 33. g3 Bf6 34.
Bb8 a6 35. Bc7 b5 36. Kf1 e4 37. Nd1 Kd5 38. Ne3+ Kc6 39. Bb8 Bb2 40. Nc2 Be6
41. Ke2 Bb3 42. Kd2 Bxc2 43. Kxc2 Bd4 0-1

[Event "II Memorial Oliver Gonzalez"]
[Site "Madrid"]
[Date "2011.10.09"]
[Round "2.6"]
[White "Lariño Nieto, David"]
[Black "Suarez Triguero, Jose Alfonso"]
[Result "1-0"]
[WhiteElo "2455"]
[BlackElo "2079"]
[PlyCount "43"]
[EventDate "2011.10.08"]

1. e4 Nf6 2. d3 e5 3. g4 Bc5 4. g5 Ng8 5. Nf3 d6 6. d4 exd4 7. Nxd4 d5 8. Nb3
Bb4+ 9. c3 Bd6 10. Qxd5 Nc6 11. f4 Be6 12. Qd1 f6 13. Nd4 Nxd4 14. cxd4 c6 15.
Nc3 Qc7 16. Bh3 Bxh3 17. Qh5+ Ke7 18. Qxh3 Bxf4 19. O-O fxg5 20. Bxf4 gxf4 21.
Qh4+ Nf6 22. e5 1-0

[Event "II Memorial Oliver Gonzalez"]
[Site "Madrid"]
[Date "2011.10.09"]
[Round "2.8"]
[White "Cabañas Bravo, Juan Andres"]
[Black "Barria Zuñiga, Daniel"]
[Result "0-1"]
[WhiteElo "2065"]
[BlackElo "2443"]
[PlyCount "58"]
[EventDate "2011.10.08"]

1. e4 c5 2. Nf3 e6 3. d4 cxd4 4. Nxd4 a6 5. Nc3 Qc7 6. Be3 Nf6 7. g4 Bb4 8. f3
h6 9. Nde2 Nc6 10. Kf2 b5 11. a3 Be7 12. Qd2 Bb7 13. Bf4 Ne5 14. Nd4 Bc5 15.
Kg2 Rd8 16. b4 Be7 17. Nb3 d5 18. Qd4 Bd6 19. Nc5 Nxf3 20. Bxd6 Rxd6 21. Qe3
dxe4 22. Bxb5+ Ke7 23. Nxb7 Qxb7 24. Be2 Rhd8 25. Rhd1 Nd4 26. Rd2 Nf5 27. Qc5
e3+ 28. Kg1 exd2 29. gxf5 Ne4 0-1

[Event "II Memorial Oliver Gonzalez"]
[Site "Madrid"]
[Date "2011.10.09"]
[Round "2.9"]
[White "Arribas Lopez, Angel"]
[Black "Cuadrado Lopez, Francisco Javie"]
[Result "1-0"]
[WhiteElo "2440"]
[BlackElo "1967"]
[PlyCount "83"]
[EventDate "2011.10.08"]

1. e4 c5 2. Nc3 e6 3. Nge2 Nc6 4. g3 Nf6 5. Bg2 g6 6. d4 cxd4 7. Nxd4 Bg7 8.
Ndb5 O-O 9. Be3 a6 10. Nd6 Ne8 11. Nxe8 Rxe8 12. h4 Qa5 13. h5 d5 14. hxg6 hxg6
15. Bd2 d4 16. Nd5 Qd8 17. Nf4 Rb8 18. Nd3 e5 19. Kf1 Be6 20. Bh3 Qc8 21. Kg2
b6 22. Qf3 Qd7 23. Bxe6 Qxe6 24. g4 f6 25. Rh3 g5 26. Bb4 a5 27. Ba3 Kf7 28.
Rh5 Rh8 29. Rxg5 Bh6 30. Rf5 Rbg8 31. Rh1 Rg6 32. b3 Rhg8 33. Kf1 Ke8 34. Rhh5
Bf8 35. Bxf8 Rxf8 36. g5 Ne7 37. Rxf6 Rgxf6 38. gxf6 Rxf6 39. Rxe5 Qf7 40. Qh3
Qg6 41. Qc8+ Kf7 42. Qd7 1-0

[Event "II Memorial Oliver Gonzalez"]
[Site "Madrid"]
[Date "2011.10.09"]
[Round "2.10"]
[White "Sanchez Millan, Eduardo"]
[Black "Hunt, Adam C"]
[Result "0-1"]
[WhiteElo "2017"]
[BlackElo "2437"]
[PlyCount "54"]
[EventDate "2011.10.08"]

1. c4 Nf6 2. Nc3 d5 3. cxd5 Nxd5 4. g3 g6 5. Bg2 Nb6 6. d3 Bg7 7. Be3 O-O 8.
Qd2 Re8 9. h4 h5 10. Nh3 Nc6 11. Bxc6 bxc6 12. Bh6 Bh8 13. Nf4 e5 14. Bg5 Qd7
15. Nh3 Nd5 16. Qc2 Rb8 17. Bd2 Nb4 18. Qc1 Ba6 19. a3 Nxd3+ 20. exd3 Qxd3 21.
Qb1 Qd7 22. Qa2 Qg4 23. Qb1 e4 24. Qd1 e3 25. Bxe3 Rxe3+ 26. fxe3 Qxg3+ 27. Nf2
Bxc3+ 0-1

[Event "II Memorial Oliver Gonzalez"]
[Site "Madrid"]
[Date "2011.10.09"]
[Round "2.11"]
[White "Roa Alonso, Santiago"]
[Black "Madurga Lopez, Ignacio"]
[Result "1-0"]
[WhiteElo "2420"]
[BlackElo "2057"]
[PlyCount "55"]
[EventDate "2011.10.08"]

1. d4 Nf6 2. c4 g6 3. Nc3 Bg7 4. e4 d6 5. Be2 O-O 6. Bg5 Na6 7. f4 c6 8. Bf3
Nc7 9. Nge2 Bg4 10. Qd3 Bxf3 11. Qxf3 Ne6 12. Bh4 c5 13. e5 dxe5 14. dxe5 Nd7
15. Rd1 g5 16. Qxb7 gxh4 17. Rxd7 Qa5 18. O-O Rfb8 19. Qe4 Rd8 20. Rxe7 Rab8
21. Nd5 Rxb2 22. Rxf7 Kxf7 23. Qf5+ Kg8 24. Qxe6+ Kh8 25. Nec3 Rb6 26. Qe7 Rbb8
27. Qxh4 Rf8 28. Qh5 1-0

[Event "II Memorial Oliver Gonzalez"]
[Site "Madrid"]
[Date "2011.10.09"]
[Round "2.12"]
[White "Garcia Dorado, Alberto"]
[Black "Candela Perez, Jose"]
[Result "0-1"]
[WhiteElo "2048"]
[BlackElo "2418"]
[PlyCount "80"]
[EventDate "2011.10.08"]

1. d4 Nf6 2. c4 c5 3. Nf3 g6 4. g3 Bg7 5. Bg2 Nc6 6. O-O cxd4 7. Nxd4 O-O 8.
Nc3 Qb6 9. Nc2 d6 10. Rb1 Be6 11. b3 Qa5 12. b4 Qh5 13. Nd5 Bxd5 14. cxd5 Ne5
15. e4 Rac8 16. Ne3 Nc4 17. Bf3 Qh3 18. Ng4 h5 19. Nxf6+ Bxf6 20. Bh6 Rfd8 21.
Rc1 Qd7 22. Be2 b5 23. Rc2 Rc7 24. Qc1 Rdc8 25. Rd1 Nb2 26. Rdd2 Nc4 27. Rd1
Kh7 28. Bg5 Nb2 29. Rdd2 Bxg5 30. f4 Bf6 31. e5 dxe5 32. Qxb2 Rxc2 33. Rxc2
exf4 34. Qb3 fxg3 35. Rxc8 gxh2+ 36. Kxh2 Qxc8 37. d6 Kg7 38. dxe7 Bxe7 39. Qd5
a6 40. a4 Qc2 0-1

[Event "II Memorial Oliver Gonzalez"]
[Site "Madrid"]
[Date "2011.10.09"]
[Round "2.13"]
[White "Martinez Martin, David"]
[Black "Campos Palacios, Daniel"]
[Result "1-0"]
[WhiteElo "2401"]
[BlackElo "1958"]
[PlyCount "71"]
[EventDate "2011.10.08"]

1. d4 Nf6 2. Nf3 d6 3. c4 c6 4. Nc3 Bf5 5. g3 Nbd7 6. Bg2 e5 7. O-O Be7 8. Re1
h6 9. e4 Bh7 10. Nh4 O-O 11. Nf5 Bxf5 12. exf5 Re8 13. b3 Qa5 14. Bd2 Qc7 15.
Be3 Bf8 16. g4 Qa5 17. Rc1 a6 18. h4 exd4 19. Qxd4 Qc5 20. g5 Qxd4 21. Bxd4
Rxe1+ 22. Rxe1 Re8 23. Rd1 Ng4 24. f3 Nge5 25. f4 Ng4 26. Bh3 h5 27. a4 b5 28.
axb5 axb5 29. cxb5 cxb5 30. Nxb5 Re4 31. Rf1 Nc5 32. Bg2 Re2 33. Bd5 Kh7 34.
Bxf7 Re4 35. Bg6+ Kg8 36. f6 1-0

[Event "II Memorial Oliver Gonzalez"]
[Site "Madrid"]
[Date "2011.10.09"]
[Round "2.15"]
[White "Fuentes Arjona, Antonio"]
[Black "Hernando Pertierra, Jose C"]
[Result "1/2-1/2"]
[WhiteElo "2001"]
[BlackElo "2383"]
[PlyCount "115"]
[EventDate "2011.10.08"]

1. e4 g6 2. d4 Bg7 3. Nf3 c6 4. c4 d6 5. Nc3 Bg4 6. Be2 Bxf3 7. Bxf3 e5 8. dxe5
dxe5 9. Qxd8+ Kxd8 10. Be3 Kc7 11. O-O Nd7 12. Rfd1 Bh6 13. Bxh6 Nxh6 14. Rac1
Nc5 15. b4 Ne6 16. Nd5+ Kc8 17. Ne7+ Kc7 18. Nd5+ Kc8 19. Ne7+ Kb8 20. Rd7 a5
21. b5 Nc5 22. bxc6 Nxd7 23. cxd7 Kc7 24. Nd5+ Kxd7 25. Nb6+ Kc7 26. Nxa8+ Rxa8
27. Rb1 f6 28. Rb5 b6 29. c5 Rb8 30. Be2 a4 31. Bc4 bxc5 32. Rxc5+ Kd6 33. Rd5+
Kc6 34. Ra5 Rb4 35. Bd3 Nf7 36. a3 Rb3 37. Bc2 Rxa3 38. Rxa4 Rc3 39. Ra2 Nd6
40. Ba4+ Kc5 41. f3 f5 42. exf5 gxf5 43. Rc2 Kc4 44. Rxc3+ Kxc3 45. Kf2 Kd2 46.
Bc6 h5 47. g4 hxg4 48. fxg4 e4 49. Kg3 e3 50. Bf3 fxg4 51. Kxg4 Ke1 52. Kg3
Nf5+ 53. Kf4 Kf2 54. Bd1 Nd4 55. h4 Ne2+ 56. Bxe2 Kxe2 57. h5 Kd3 58. h6
1/2-1/2

[Event "II Memorial Oliver Gonzalez"]
[Site "Madrid"]
[Date "2011.10.09"]
[Round "2.16"]
[White "Martin Rueda, Daniel"]
[Black "Fernandez Garcia, Ignacio"]
[Result "1-0"]
[WhiteElo "2311"]
[BlackElo "1932"]
[PlyCount "75"]
[EventDate "2011.10.08"]

1. e4 d6 2. d4 g6 3. g3 Bg7 4. Bg2 Nf6 5. Ne2 c6 6. h3 O-O 7. a4 Nbd7 8. O-O e5
9. Nbc3 Qc7 10. Bg5 Re8 11. Qd2 exd4 12. Nxd4 Nc5 13. Rfe1 Ne6 14. Be3 Bd7 15.
f4 Nh5 16. Nde2 Nf6 17. Rad1 Bf8 18. g4 Rad8 19. Ng3 Bc8 20. Qf2 b6 21. f5 gxf5
22. exf5 Nc5 23. Bd4 Bg7 24. b4 Rxe1+ 25. Rxe1 Ncd7 26. g5 Ne8 27. f6 Bf8 28.
Re7 d5 29. Nf5 Nd6 30. Qg3 Ne8 31. Qh4 Qb8 32. Nh6+ Bxh6 33. Qxh6 Ndxf6 34.
gxf6 Qg3 35. Re5 Kh8 36. Rg5 Qd6 37. Rg7 Bf5 38. Rxf7 1-0

[Event "II Memorial Oliver Gonzalez"]
[Site "Madrid"]
[Date "2011.10.09"]
[Round "2.17"]
[White "Grebstad, Kjell Borre"]
[Black "Perez Gonzalez, Jose Manuel"]
[Result "0-1"]
[WhiteElo "1986"]
[BlackElo "2304"]
[PlyCount "46"]
[EventDate "2011.10.08"]

1. d4 Nf6 2. c4 c5 3. d5 b5 4. cxb5 a6 5. bxa6 g6 6. Nc3 Bxa6 7. e4 Bxf1 8.
Kxf1 d6 9. g3 Bg7 10. Kg2 Nbd7 11. Nf3 O-O 12. Qc2 Ra6 13. a4 Qa8 14. Nb5 Rb6
15. Bd2 e6 16. dxe6 fxe6 17. Rae1 Ng4 18. Be3 Nxe3+ 19. fxe3 Nf6 20. Nd2 Ng4
21. h3 Rxb5 22. hxg4 Rxb2 23. Qd3 c4 0-1

[Event "II Memorial Oliver Gonzalez"]
[Site "Madrid"]
[Date "2011.10.09"]
[Round "2.18"]
[White "Alvarez Abejon, Amilcar"]
[Black "Alcazar Jimenez, Jesus Alberto"]
[Result "0-1"]
[WhiteElo "2038"]
[BlackElo "2294"]
[PlyCount "80"]
[EventDate "2011.10.08"]

1. e4 c5 2. Nc3 e6 3. f4 Nc6 4. Nf3 d6 5. Bb5 Bd7 6. O-O a6 7. Bxc6 Bxc6 8. d3
Nf6 9. f5 e5 10. Bg5 Be7 11. Bxf6 Bxf6 12. Nd2 Bg5 13. Nd5 g6 14. Nf3 Bxd5 15.
Nxg5 Qxg5 16. exd5 gxf5 17. Qf3 f4 18. Rae1 O-O-O 19. b4 cxb4 20. Re4 Rd7 21.
Rxb4 Rg8 22. Rfb1 f5 23. c4 Qg4 24. Qf2 e4 25. Qb2 f3 26. g3 Qg7 27. Qf2 Kb8
28. Qe3 exd3 29. Qxd3 f4 30. Qxf3 fxg3 31. hxg3 Qxg3+ 32. Qxg3 Rxg3+ 33. Kf2
Rg4 34. Kf3 h5 35. Rh1 Rf7+ 36. Ke3 h4 37. Rb6 Rxc4 38. Rxd6 Ra4 39. Rh2 Rg7
40. Rh6 Rg3+ 0-1